000 02282nam a22002417a 4500
003 Uzh_bibl
008 260420b |||||||| |||| 00| 0 ukr d
020 _a966-511-294-5
_c22.98
080 _a94(477)
090 _a94(477)
_bМ 49
100 _a
245 _aМемуари до історії Південної Русі
_cпередм.Мороз В.С.
_hТекст
260 _aДніпропетровськ
_bСіч
_c2006
300 _a439 с.
_fВ опр.
490 _vВипуск 2 (перша половина XVII ст.)
520 _aДо другого випуску книги за редакцією В.Б.Антоновича (1834–1908) – історика, археографа, професора історії Київського університету – ввійшли мемуари першої половини ХѴІІ століття: “Щоденник новгородського підсудка Федора Євлашевського” (1564–1604); “Історія Хотинського походу Якова Собеського” (1621); “Щоденник походу проти козаків запорозьких” (1625) з додатком “Куруківська угода”; “Відомості про похід до Криму Михайла Дорошенка” (1628); “Щоденник Симеона Окольського” (1637–1638) з додатками “Доповнення Самійла Величка” та “Ординація Війська Запорозького реєстрового”; “Опис України Боплана” (1630–1643); “Сказання про невільників, які втекли з турецької каторги” (1643) та “Щоденник Богуслава Машкевича” (1643–1649). Збірник виходить через 110 років з часу першого видання.
521 _aДля широкого кола читачів
546 _aукр.
650 _aДокументальне видання
_vІсторія України
653 _aКозаки
_aТурецька каторга
_aПохід до Криму
655 _aМемуари
942 _2udc
_cBK
999 _c17390
_d17390